Sudden Death - German Football Team Names - Statistics

General Stats
  • This quiz has been taken 105 times
  • The average score is 7 of 16
Answers on the Grid
Answers color-coded by a green-red scale on the quiz's grid according to % correct below.
FC Nasserwissenshaften
FC Magdeburg
Alemannia Aachen
Schitznel FC
Bratwurst 1860
Jahn Regensburg
Statburg Rahmslenden
SV Waldhof Mannheim
RB (No Sugar) Leipizig
FC Janonheim Dainz
Energie Cottbus
FC Dusseldorf BMW
Holstein Kiel
Preußen Münster
Lokomotive Leipzig
Bargmen Einfields
SV Meppen
Würzburger Kickers
Drußan Mansclan
Dynamo Dresden
FC Hofdenhidmein
GFB Bachzebal
SV Schlange Snaden
TSV Steinbach
SV Wehen Wiesbaden
Heinlid Berlin
Eintracht Braunschweig
FC Gredleberg
FC Neinzenburg
Karlsruher SC
Eintracht Madsdenlein
SC Verl
 
Answer Stats
Answer % Correct
FC Magdeburg
72%
Holstein Kiel
57%
Alemannia Aachen
55%
Karlsruher SC
53%
SV Waldhof Mannheim
53%
Dynamo Dresden
50%
Jahn Regensburg
50%
Eintracht Braunschweig
48%
Energie Cottbus
41%
Preußen Münster
36%
Lokomotive Leipzig
34%
SV Wehen Wiesbaden
34%
SV Meppen
33%
SC Verl
29%
Würzburger Kickers
28%
TSV Steinbach
17%
No matching quizzes found
Score Distribution
Percent of People with Each Score
Percentile by Number Answered
Your Score History
You have not taken this quiz